[Event "Europe Echecs online op April"]
[Site "Europe Echecs INT"]
[Date "2020.04.11"]
[Round "9"]
[White "Unuk, Laura"]
[Black "Aumeregie, Vincent"]
[Result "1-0"]
[WhiteElo "2176"]
[BlackElo "1591"]
[PlyCount "81"]
[EventDate "2020.04.11"]
[EventType "swiss (blitz)"]
[EventRounds "11"]
[EventCountry "FRA"]
[SourceTitle "EXT 2021"]
[Source "ChessBase"]
[SourceDate "2020.10.23"]
[SourceVersion "1"]
[SourceVersionDate "2020.10.23"]
[SourceQuality "1"]

1. d4 Nf6 2. c4 c5 3. d5 b5 4. cxb5 a6 5. bxa6 Bxa6 6. Nc3 g6 7. Nf3 d6 8. e4 Bxf1 9. Kxf1 Bg7 10. g3 0-0 11. Kg2 Nbd7 12. a4 Qa5 13. Bd2 Qb4 14. Qc2 Rfb8 15. Rhb1 Qb3 16. Ne1 Ne5 17. Bf4 Nc4 18. Bc1 e6 19. dxe6 fxe6 20. Qe2 Re8 21. Nd3 Nd7 22. Bf4 Ra6 23. Nc1 Qb7 24. Qxc4 Nb6 25. Qe2 Bd4 26. Nb5 Nc8 27. Nb3 Bg7 28. Kg1 e5 29. Be3 Rf8 30. Nd2 Kh8 31. Qd3 Rc6 32. Qd5 Nb6 33. Qd3 Nc8 34. Nc4 Qd7 35. a5 Ra6 36. Nc3 Qc6 37. Nd5 Rf7 38. Ncb6 Na7 39. Qxa6 Nb5 40. Qc8+ Qxc8 41. Nxc8 1-0